UM Logo

Cognitive predictors of difficulties in math and reading in pre-kindergarten children at high risk for learning disabilities / (Record no. 18101)

MARC details
000 -LEADER
fixed length control field 01391nam a22003137a 4500
003 - CONTROL NUMBER IDENTIFIER
control field OSt
005 - DATE AND TIME OF LATEST TRANSACTION
control field 20260415182545.0
008 - FIXED-LENGTH DATA ELEMENTS--GENERAL INFORMATION
fixed length control field 230703b ||||| |||| 00| 0 eng d
040 ## - CATALOGING SOURCE
Transcribing agency 0
082 ## - DEWEY DECIMAL CLASSIFICATION NUMBER
Classification number DPer 370.15 J826 April-May 2020 v. 112 n. 3-4
100 ## - MAIN ENTRY--PERSONAL NAME
Personal name Barnes, Marcia A.
Relator term author.
9 (RLIN) 48486
245 ## - TITLE STATEMENT
Title Cognitive predictors of difficulties in math and reading in pre-kindergarten children at high risk for learning disabilities /
Statement of responsibility, etc. Marcia A. Barnes, Nathan H. Clemens, Anna-Maria Fall, Greg Roberts, Alice Klein, Prentice Starkey, Bruce McCandliss, Tricia Zucker, and Kylie Flynn.
260 ## - PUBLICATION, DISTRIBUTION, ETC. (IMPRINT)
Place of publication, distribution, etc. Washington ;
Name of publisher, distributor, etc. American Psychological Association ,
Date of publication, distribution, etc. May 2020.
300 ## - PHYSICAL DESCRIPTION
Extent Volume 112, pages 685-700 :
Other physical details illustration ;
Dimensions 28 cm.
500 ## - GENERAL NOTE
General note Journal of Educational Psychology, vol. 112, no. 4, pages 685-700, May 2020.
650 ## - SUBJECT ADDED ENTRY--TOPICAL TERM
Topical term or geographic name as entry element Mathematics.
9 (RLIN) 48487
650 ## - SUBJECT ADDED ENTRY--TOPICAL TERM
Topical term or geographic name as entry element Reading.
9 (RLIN) 48488
650 ## - SUBJECT ADDED ENTRY--TOPICAL TERM
Topical term or geographic name as entry element Attention.
9 (RLIN) 48489
700 ## - ADDED ENTRY--PERSONAL NAME
Personal name Barnes, Marcia A.
Relator term author.
9 (RLIN) 48486
700 ## - ADDED ENTRY--PERSONAL NAME
Personal name Clemens, Nathan H.
Relator term author.
9 (RLIN) 48490
700 ## - ADDED ENTRY--PERSONAL NAME
Personal name Fall, Anna-Mária.
Relator term author.
9 (RLIN) 48491
700 ## - ADDED ENTRY--PERSONAL NAME
Personal name Roberts, Greg.
Relator term author.
9 (RLIN) 48492
700 ## - ADDED ENTRY--PERSONAL NAME
Personal name Klein, Alice.
Relator term author.
9 (RLIN) 48493
700 ## - ADDED ENTRY--PERSONAL NAME
Personal name Starkey, Prentice.
Relator term author.
9 (RLIN) 48494
700 ## - ADDED ENTRY--PERSONAL NAME
Personal name McCandliss, Bruce.
Relator term author.
9 (RLIN) 48495
700 ## - ADDED ENTRY--PERSONAL NAME
Personal name Zucker, Tricia.
Relator term author.
9 (RLIN) 48496
700 ## - ADDED ENTRY--PERSONAL NAME
Personal name Flynn, Kylie.
Relator term author.
9 (RLIN) 48497
942 ## - ADDED ENTRY ELEMENTS (KOHA)
Source of classification or shelving scheme Dewey Decimal Classification
Koha item type Periodicals
Holdings
Withdrawn status Lost status Source of classification or shelving scheme Damaged status Not for loan Collection code Home library Current library Date acquired Total Checkouts Full call number Date last seen Price effective from Koha item type Public note
    Dewey Decimal Classification     Periodicals UM Digos College - LIC UM Digos College - LIC 07/03/2023   DPer 370.15 J826 April-May 2020 v. 112 n. 3-4 07/03/2023 07/03/2023 Periodicals Periodical article